000 00646nam a2200157 a 4500
001 000027206
005 20200930030654.0
008 110330s2005 dr 000 0 spa d
040 _aDO-SdBNP
_bspa
_cBNPHU
245 1 3 _aManeras de mirar :
_blecturas antropologícas de la fotografía /
_cCoodinadro Carmen Ortiz García, Cristina Sánchez Carretero, Antonio Cea Gutierrez.
260 _aMadrid :
_bConsejo Superior de Investigación Científicas,
_c2005.
300 _a281 p. ;
_c25 cm.
_bil.,retrs.
700 1 _aOrtiz García,Carmen
_ecoor.
_954271
700 1 _aSánchez Carretero, Cristina
_ecoor.
_954272
700 1 _aCea Gutierrez, Antonio
_954273
999 _c26698
_d26698